000 01443nam a2200229Ia 4500
003 Ost
005 20260507075803.0
008 260507s9999||||xx |||||||||||||| ||und||
040 _cfsecg
041 _aara
082 _a340
100 _aمنصور، اسحاق إبراهيم
_eمؤلف
245 0 _aنظريتا القانون والحق وتطبيقاتهما في القوانين الجزائرية /
_c اسحاق إبراهيم منصور
260 _aالجزائر :
_bديوان المطبوعات الجامعية,
_c2007
300 _a379 صفحة؛
_bإيضاحات ؛
_c24 سم
504 _aبيبليوغرافيا: ص ص.367-368
520 _aيضم النظرية العامة للقانون وتطبيقاتها في القوانين الجزائرية، التعريف بالقانون وبيان خصائصه، تقسيمات القانون وإنواع القواعد القانونية، الأصول الفلسفية للقوانين ومكانة القانون الجزائري، مصادر القانون، مجال تطبيق القوانين، تفسير القوانين، النظرية العامة للحق وتطبيقاتها في القوانين الجزائرية، الحق وأركانه، أنواع الحقوق، مصادر الحقوق، إثبات الحق، زوال الحق.
653 _aالحق
653 _aالقانون
653 _aنظرية الحق
942 _cكتاب
999 _c46321
_d46321